| 000 | 00643nam a2200229Ia 4500 | ||
|---|---|---|---|
| 003 | OSt | ||
| 005 | 20221007080112.0 | ||
| 006 | a|||||r|||| 00| 0 | ||
| 007 | ta | ||
| 008 | 221006b |||||||| |||| 00| 0 eng d | ||
| 024 | _a26,782 | ||
| 037 | _cTextual | ||
| 040 |
_aFLL _cFLL _beng |
||
| 041 |
_2eng _aeng |
||
| 082 | _azG(X:5), L7 | ||
| 100 |
_aMehta Vadilal Lallubhai _9240617 |
||
| 245 | 0 | _aEquality through trusteeship | |
| 260 |
_aNew Delhi _bTata McGraw-Hill Publishing Co. Ltd. India _c1977 |
||
| 300 |
_axiv,1-408p _ccm. |
||
| 942 |
_hzG(X:5), L7 _cTEXL _2CC |
||
| 999 |
_c1158370 _d1158370 |
||